| 000 | 00681nam a22002057a 4500 | ||
|---|---|---|---|
| 999 |
_c6878 _d6878 |
||
| 003 | AR-CdUCM | ||
| 008 | 190319b ||||| |||| 00| 0 spa d | ||
| 040 |
_aMUNICIPALIDAD PROVINCIAL DEL CUSCO _cBIBLIOTECA MUNICIPAL DEL CUSCO |
||
| 082 |
_a514.1 / _bE72 |
||
| 100 |
_aErro, Luis Enrique _919385 |
||
| 245 |
_aEl pensamiento matemático contemporáneo : _bExposición elemental / |
||
| 260 |
_aMéxico : _bSecretaría de Educación Pública, _c1944. |
||
| 300 |
_a74 paginas ; _c20 cm. |
||
| 505 | _aContenido :Las geometrías no Euclidianas / | ||
| 650 |
_aAxiomas _919386 |
||
| 650 |
_aMatemática _919387 |
||
| 650 |
_aFilosofía _9395 |
||
| 942 |
_2ddc _cLIBROS |
||
| 945 | _arjall | ||